LEADER 01739nam0 22004333i 450 001 VAN00282645 005 20241213013833.402 017 70$2N$a9783030683726 100 $a20241107d2021 |0itac50 ba 101 $aeng 102 $aCH 105 $a|||| ||||| 181 $ai$b e 182 $ab 200 1 $aMultimessenger Astronomy$fJohn Etienne Beckman 210 $aCham$cSpringer$d2021 215 $axxiv, 390 p.$cill.$d24 cm 410 1$1001VAN00132684$12001 $aAstronomers' Universe$1210 $aNew York [etc.]$cSpringer 606 $a85-XX$xAstronomy and Astrophysics [MSC 2020]$3VANC023246$2MF 610 $aContemporary history of astronomy$9KW:K 610 $aCosmic ray astronomy$9KW:K 610 $aGravitational Wave Astronomy$9KW:K 610 $aMultiwavelength observations$9KW:K 610 $aNeutrino astronomy$9KW:K 610 $aOptical and infrared astronomy$9KW:K 610 $aPopular science astronomy$9KW:K 610 $aRadio Astronomy$9KW:K 610 $aSub-millimetre astronomy$9KW:K 620 $aCH$dCham$3VANL001889 700 1$aBeckman$bJohn Etienne$f1941-$3VANV235520$01767969 712 $aSpringer $3VANV108073$4650 801 $aIT$bSOL$c20250131$gRICA 856 4 $uhttp://doi.org/10.1007/978-3-030-68372-6$zE-book ? Accesso al full-text attraverso riconoscimento IP di Ateneo, proxy e/o Shibboleth 899 $aBIBLIOTECA DEL DIPARTIMENTO DI MATEMATICA E FISICA$1IT-CE0120$2VAN08 912 $fN 912 $aVAN00282645 950 $aBIBLIOTECA DEL DIPARTIMENTO DI MATEMATICA E FISICA$d08DLOAD e-Book 9627 $e08eMF9627 20241113 996 $aMultimessenger Astronomy$94215532 997 $aUNICAMPANIA LEADER 01804nam0 22004453i 450 001 VAN00282191 005 20260129092104.116 017 70$2N$a9783658345785 100 $a20241028d2021 |0itac50 ba 101 $aeng 102 $aDE 105 $a|||| ||||| 181 $ai$b e 182 $ab 183 $acr 200 1 $aAbout the Oddities of Quantum Mechanics$fJosef Honerkamp 210 $aWiesbaden$cSpringer$d2021 215 $aix, 42 p.$cill.$d24 cm 300 $aTraduzione dell'edizione originale in lingua tedesca 410 1$1001VAN00246748$12001 $aEssentials$1210 $aWiesbaden$cSpringer$d2013- 500 1$3VAN00282193$aÜber die Merkwürdigkeiten der Quantenmechanik$94286265 606 $a00A79 (77-XX)$xPhysics [MSC 2020]$3VANC023182$2MF 606 $a81-XX$xQuantum theory [MSC 2020]$3VANC019967$2MF 606 $a85-XX$xAstronomy and Astrophysics [MSC 2020]$3VANC023246$2MF 610 $aEmergence$9KW:K 610 $aIndeterminacy$9KW:K 610 $aRealism$9KW:K 610 $aRelativity$9KW:K 610 $aStructural Realism$9KW:K 620 $aDE$dWiesbaden$3VANL000457 700 1$aHonerkamp$bJosef$3VANV235138$021232 712 $aSpringer $3VANV108073$4650 801 $aIT$bSOL$c20260130$gRICA 856 4 $uhttp://doi.org/10.1007/978-3-658-34578-5$zE-book ? Accesso al full-text attraverso riconoscimento IP di Ateneo, proxy e/o Shibboleth 899 $aBIBLIOTECA DEL DIPARTIMENTO DI MATEMATICA E FISICA$1IT-CE0120$2VAN08 912 $fN 912 $aVAN00282191 950 $aBIBLIOTECA DEL DIPARTIMENTO DI MATEMATICA E FISICA$d08DLOAD e-Book 9485 $e08eMF9485 20241113 996 $aÜber die Merkwürdigkeiten der Quantenmechanik$94286265 997 $aUNICAMPANIA